|
|
|
|
| LEADER |
01169nam a2200277 a 4500 |
| 001 |
14907946 |
| 008 |
110503s2010 nyu b 001 0 eng d |
| 010 |
|
|
|a 2007026815
|
| 020 |
|
|
|a 9788130912950
|
| 020 |
|
|
|a 9780791095751 (acid-free paper)
|
| 020 |
|
|
|a 0791095754 (acid-free paper)
|
| 040 |
|
|
|a DLC
|c DLC
|d YDX
|d YDXCP
|d BAKER
|d BTCTA
|d DLC
|d BD-DhAAL.
|
| 082 |
0 |
0 |
|a 822.3/3
|2 22
|
| 245 |
0 |
0 |
|a Othello /
|c edited and with an introduction by Harold Bloom ; volume editor, Neil Heims.
|
| 260 |
|
|
|a New York :
|b Facts on file, Inc. ;
|a New Delhi :
|b Viva books,
|c 2010.
|
| 300 |
|
|
|a xii, 325 p. ;
|c 25 cm.
|
| 490 |
0 |
|
|a Harold Bloom's Shakespeare through the ages
|
| 500 |
|
|
|a Set of 15 volumes.
|
| 504 |
|
|
|a Includes bibliographical references (p. 313-314) and index.
|
| 541 |
|
|
|e 00022415
|
| 600 |
1 |
0 |
|a Shakespeare, William
|d 1564-1616
|t Othello.
|
| 700 |
1 |
|
|a Bloom, Harold.
|
| 700 |
1 |
|
|a Heims, Neil.
|
| 852 |
4 |
|
|a Ayesha Abed Library
|j General shelf
|
| 999 |
|
|
|c 10785
|d 10785
|
| 952 |
|
|
|0 0
|1 0
|2 ddc
|4 0
|6 822_330000000000000_OTH
|7 0
|9 16251
|a BRACUL
|b BRACUL
|c GEN
|d 2011-05-03
|e Friends book corner
|g 666.00
|l 10
|m 68
|o 822.33 OTH
|p 3010022415
|r 2025-07-17
|s 2025-07-14
|t 1
|w 2011-05-03
|y BK
|